Stazioni ferroviarie della linea Milano-Genova - Statistics

Statistiche generali
  • Questo quiz è stato fatto 121 volte
  • Il punteggio medio è 11 su 20
Statistiche sulle risposte
Hint Risposta % Corretto
MI Milano Centrale
97%
PV Pavia
94%
MI Milano Rogoredo
88%
MI Milano Lambrate
86%
PV Voghera
77%
GE Genova Piazza Principe
75%
AL Tortona
75%
AL Arquata Scrivia
71%
GE Ronco Scrivia
71%
PV Certosa di Pavia
60%
MI Locate Triulzi
46%
MI Pieve Emanuele
46%
PV San Martino-Cava Manara
42%
MI Villamaggiore
39%
AL Pontecurone
36%
GE Mignanego
32%
PV Pizzale-Lungavilla
32%
PV Bressana Bottarone
31%
AL Cassano Spinola
25%
GE Genova San Quirico
20%
Nessun quiz corrispondente trovato
Distribuzione punteggi
Percentuale di utenti per punteggio
Percentile per numero di risposta
I tuoi punteggi nel tempo
Non hai fatto questo quiz